[Event "Foz do Iguacu op 1st"]
[Site "Foz do Iguacu"]
[Date "2013.12.12"]
[Round "1"]
[White "Mazaron, Amanda de Oliveira"]
[Black "Gamarra, Ramon"]
[Result "0-1"]
[WhiteElo "1739"]
[BlackElo "1949"]
[PlyCount "58"]
[EventDate "2013.12.12"]
[EventType "swiss"]
[EventRounds "7"]
[EventCountry "BRA"]
[SourceTitle "CBM 158 Extra"]
[Source "ChessBase"]
[SourceDate "2014.02.28"]
[SourceVersion "1"]
[SourceVersionDate "2014.02.28"]
[SourceQuality "1"]

1. e4 c5 2. Bc4 Nc6 3. Nf3 e6 4. Nc3 a6 5. d3 Qc7 6. Be3 Nf6 7. Bg5 Be7 8. Bxf6 Bxf6 9. 0-0 b5 10. Bxb5 axb5 11. Nxb5 Qb8 12. Nc3 Qxb2 13. e5 Nxe5 14. Ne4 Nxf3+ 15. Qxf3 Bb7 16. Rfb1 Bxe4 17. Qxe4 d5 18. Qf3 Rxa2 19. Qd1 Rxa1 20. Rxa1 Qxa1 21. Qxa1 Bxa1 22. g3 Ke7 23. f3 Rb8 24. Kf2 Rb2 25. Ke3 Rxc2 26. d4 Bxd4+ 27. Kd3 Rxh2 28. g4 e5 29. f4 c4# 0-1